No limits to learning : Bridging the human gap : A report to the club of Rome (Record no. 1374648)

MARC details
000 -LEADER
fixed length control field 00660nam a2200217Ia 4500
005 - DATE AND TIME OF LATEST TRANSACTION
control field 20250508162138.0
008 - FIXED-LENGTH DATA ELEMENTS--GENERAL INFORMATION
fixed length control field 008 250505s9999 xx 000 0 eng d
020 ## - INTERNATIONAL STANDARD BOOK NUMBER
International Standard Book Number 0-08-024705-9
037 ## - SOURCE OF ACQUISITION
Stock number Textual
040 ## - CATALOGING SOURCE
Original cataloging agency FEDL
Language of cataloging eng
Transcribing agency FEDL
041 ## - LANGUAGE CODE
Language code of text/sound track or separate title eng
Source of code eng
084 ## - COLON CLASSIFICATION NUMBER
Classification number 371.3, BOT
Assigning agency FEDL
100 ## - MAIN ENTRY--PERSONAL NAME
Personal name Botkin James W
9 (RLIN) 772428
245 #0 - TITLE STATEMENT
Title No limits to learning : Bridging the human gap : A report to the club of Rome
260 ## - PUBLICATION, DISTRIBUTION, ETC.
Place of publication, distribution, etc. Oxford
Name of publisher, distributor, etc. Pergamon Press
Date of publication, distribution, etc. 1980
300 ## - PHYSICAL DESCRIPTION
Extent xvi,159p
650 ## - SUBJECT ADDED ENTRY--TOPICAL TERM
Topical term or geographic name entry element Teaching Technique
700 ## - ADDED ENTRY--PERSONAL NAME
Personal name Elmandjra Mahdi Malitza Mircea
9 (RLIN) 772429
942 ## - ADDED ENTRY ELEMENTS (KOHA)
Koha item type Textual
Classification part 371.3, BOT
Holdings
Withdrawn status Lost status Damaged status Not for loan Home library Current library Date acquired Total Checkouts Full call number Barcode Date last seen Price effective from Koha item type
        Department of Education Library Department of Education Library 2025-05-08   371.3, BOT EL0064740 2025-05-08 2025-05-08 Textual
Copyright @ Delhi University Library System